| 000 | 00375nam a2200145Ia 4500 | ||
|---|---|---|---|
| 008 | 230312s9999||||xx |||||||||||||| ||und|| | ||
| 020 | _a0-470-87282-6 | ||
| 082 |
_a480-214 _bBAS-A |
||
| 100 | _aBass;Jossey | ||
| 245 | 0 | _aAlgebra teacher's guide to reteaching essential | |
| 260 |
_bPearson _aindia _c2010 |
||
| 300 | _a322 | ||
| 650 |
_aEngineering _vAvionics |
||
| 942 | _cBK | ||
| 999 |
_c12429 _d12429 |
||